Delta Management sa súdi s mestom o 70 miliónov

Bibliographic Details
Main Author: Jurkovičová, Klaudia (Author)
Corporate Author: Delta Management (Košice, Slovensko) (Author)
Format: Article
Language:Slovak
ISSN:1335-4566
Subjects:

MARC

LEADER 00000nab a2200000 a 4500
001 vtls000909275
003 SK-MaSNL
005 20260305022346.0
008 040720e20020405xo 0 slo
035 |a KE18203 
040 |a KEVKJB  |b slo  |c KEVKJB  |e AACR2 
041 0 |a slo 
044 |a xo  |c SK 
080 |a 336.63  |2 1981 
100 1 |a Jurkovičová, Klaudia  |4 aut  |9 877349 
245 1 0 |a Delta Management sa súdi s mestom o 70 miliónov 
610 2 7 |a Delta Management (Košice, Slovensko)  |2 KEVKJB  |9 879761 
650 0 7 |a mestá   |2 KEVKJB  |9 2929 
650 0 7 |a súdne spory   |2 KEVKJB  |9 59780 
650 0 7 |a informácie  |2 KEVKJB  |9 1285 
651 7 |a Košice (Slovensko)  |2 KEVKJB  |9 18694 
651 7 |a KE,  |2 KEVKJB  |9 877256 
655 7 |a periodikum  |2 snkbucl  |9 29553 
710 2 |a Delta Management (Košice, Slovensko)  |4 aut  |9 879761 
773 0 8 |t Košický denník Korzár  |g Roč. 5, č.79, 5.4.2002, s. 1  |x 1335-4566 
852 |a ZVYKNI  |b KIS3GCP 
999 |c 3290321  |d 3292251